| 000 | 00546nam a22001937a 4500 | ||
|---|---|---|---|
| 003 | OSt | ||
| 005 | 20150525183213.0 | ||
| 008 | 150525b xxu||||| |||| 00| 0 eng d | ||
| 020 | _a0723431051 | ||
| 040 | _c04 | ||
| 082 | _aWG 141 F829d 1999 | ||
| 100 |
_aFowler Noble O _94902 |
||
| 245 |
_aDiagnosis in color Physical Signs in Cardiology / _cNoble O Fowler. |
||
| 260 |
_aLondon : _bMosby; _c1999. |
||
| 300 |
_avi, 234 P : _bcol.ill; _c21 cm. |
||
| 504 | _aIncludes index. | ||
| 650 |
_aphysical signs in cardiology _94903 |
||
| 942 |
_2z _cSLOAN |
||
| 999 |
_c1866 _d1866 |
||